| 000 | 00972nam a2200253 a 4500 | ||
|---|---|---|---|
| 001 | BRCA_6738 | ||
| 005 | 20190320205555.0 | ||
| 008 | 211011s1945----mx-a######---#000-0#spa-# | ||
| 041 | _aspa | ||
| 044 | _amx | ||
| 050 | 4 |
_aDP42 _b.L64 _c1945 |
|
| 100 | 1 |
_aLoera y Chávez, Agustín _916826 |
|
| 245 | 1 | 0 |
_aEl viajero alucinado _bcrónicas de España _cAgustín Loera y Chávez; prólogo de Alfonso Cravioto; maderas originales de Francisco Díaz de León |
| 260 |
_aMéxico _bCultura _c1945 |
||
| 300 |
_a137 p. _bil. _c21 cm. |
||
| 500 | _aImpresiones de viaje que escribí hace veinte años y que fueron publicadas en El Universal de México, en La Presa de Santiago de Chile y en Social de la Habana. Ejemplar numerado 87 de 500 | ||
| 500 | _aI108 | ||
| 650 | 1 | 4 |
_aViajeros mexicanos _915535 |
| 651 | 4 |
_aEspaña _xDescripción y viajes _97912 |
|
| 700 | 1 |
_aCravioto, Alfonso _916827 |
|
| 700 | 1 |
_aDíaz de León, Francisco _916828 |
|
| 902 | _aGFM | ||
| 942 |
_2lcc _cB |
||
| 999 |
_c6421 _d6421 |
||